Every country by highest elevation - Statistics

General Stats
  • This quiz has been taken 2,248 times
  • The average score is 47 of 196
Answer Stats
Highest Point Elevation Country % Correct
1 Mount Everest 8848 m 29,029 ft China
100%
1 Mount Everest 8848 m 29,029 ft Nepal
98%
3 K2 8611 m 28,251 ft Pakistan
89%
4 Kangchenjunga 8586 m 28,169 ft India
84%
5 Gangkhar Puensum 7570 m 24,836 ft Bhutan
81%
17 Kilimanjaro 5892 m 19,331 ft Tanzania
79%
24 Mount Kenya 5199 m 17,057 ft Kenya
75%
10 Aconcagua 6960 m 22,835 ft Argentina
73%
16 Mount Logan 5959 m 19,551 ft Canada
73%
15 Denali 6190.5 m 20,310 ft United States
73%
11 Ojos del Salado 6893 m 22,615 ft Chile
72%
30 Mont Blanc 4810 m 15,781 ft France
72%
30 Mont Blanc 4810 m 15,781 ft Italy
70%
12 Huascarán 6768 m 22,205 ft Peru
69%
20 Mount Elbrus 5642 m 18,510 ft Russia
69%
19 Pico Cristóbal Colón or Pico Simón Bolívar 5700 m 18,701 ft Colombia
66%
6 Ismoil Somoni Peak 7495 m 24,590 ft Tajikistan
66%
7 Noshakh 7492 m 24,580 ft Afghanistan
65%
47 Mount Fuji 3776 m 12,388 ft Japan
65%
25 Mount Ararat 5137 m 16,854 ft Turkey
65%
14 Chimborazo 6267 m 20,561 ft Ecuador
64%
8 Jengish Chokusu 7439 m 24,406 ft Kyrgyzstan
62%
43 Mount Cameroon 4040 m 13,255 ft Cameroon
61%
9 Khan Tengri 7010 m 22,999 ft Kazakhstan
61%
13 Sajama 6542 m 21,463 ft Bolivia
60%
28 Pico Bolívar 4978 m 16,332 ft Venezuela
59%
48 Aoraki (Mount Cook) 3724 m 12,218 ft New Zealand
57%
74 Mount Olympus (Mytikas) 2917 m 9,570 ft Greece
54%
21 Pico de Orizaba 5636 m 18,491 ft Mexico
54%
29 Puncak Jaya 4884 m 16,024 ft Indonesia
53%
190 Vatican Hill 75 m 246 ft Vatican City
52%
46 Grossglockner 3798 m 12,461 ft Austria
49%
33 Dufourspitze (Monte Rosa) 4634 m 15,203 ft Switzerland
48%
26 Mount Stanley 5109 m 16,762 ft Democratic Republic of the Congo
47%
26 Mount Stanley 5109 m 16,762 ft Uganda
46%
100 Galdhøpiggen 2469 m 8,100 ft Norway
44%
22 Damavand 5610 m 18,406 ft Iran
43%
70 Zugspitze 2962 m 9,718 ft Germany
42%
118 Pico de São Tomé 2024 m 6,640 ft São Tomé and Príncipe
41%
18 Hkakabo Razi 5881 m 19,295 ft Myanmar
39%
140 Ben Nevis 1345 m 4,413 ft United Kingdom
39%
44 Yu Shan 3952 m 12,966 ft Taiwan
37%
32 Khazret Sultan 4643 m 15,233 ft Uzbekistan
36%
113 Hvannadalshnúkur 2110 m 6,921 ft Iceland
35%
159 Morne Seychellois 905 m 2,969 ft Seychelles
35%
49 Teide 3715 m 12,188 ft Spain
35%
184 Møllehøj 171 m 561 ft Denmark
34%
23 Shkhara 5201 m 17,064 ft Georgia
34%
39 Volcán Tajumulco 4220 m 13,845 ft Guatemala
33%
92 Grauspitz 2599 m 8,527 ft Liechtenstein
33%
37 Mount Bazardüzü 4485 m 14,715 ft Azerbaijan
31%
35 Mount Wilhelm 4509 m 14,793 ft Papua New Guinea
31%
111 Mount Kosciuszko 2228 m 7,310 ft Australia
30%
121 Mount Olympus (Chionistra) 1951 m 6,401 ft Cyprus
30%
41 Gunung Kinabalu 4095 m 13,436 ft Malaysia
29%
96 Moldoveanu 2544 m 8,346 ft Romania
29%
195 Mount Villingili 5 m 17 ft Maldives
28%
50 Jabal An-Nabi Shu'ayb 3666 m 12,028 ft Yemen
28%
45 Cerro Chirripó 3820 m 12,533 ft Costa Rica
27%
42 Mount Aragats 4090 m 13,419 ft Armenia
26%
34 Ras Dejen 4550 m 14,928 ft Ethiopia
26%
40 Jbel Toubkal 4165 m 13,665 ft Morocco
26%
89 Gerlachovský štít 2655 m 8,711 ft Slovakia
25%
77 Triglav 2864 m 9,396 ft Slovenia
24%
131 Phnom Aural 1810 m 5,938 ft Cambodia
23%
134 Sněžka 1603 m 5,259 ft Czech Republic
23%
53 Volcán Barú 3475 m 11,401 ft Panama
23%
36 Mount Karisimbi 4507 m 14,787 ft Rwanda
23%
68 Pico da Neblina 2995 m 9,826 ft Brazil
22%
38 Khüiten Peak 4374 m 14,350 ft Mongolia
22%
195 Unnamed location on Niulakita 5 m 17 ft Tuvalu
22%
57 Fan Si Pan 3143 m 10,312 ft Vietnam
22%
59 Pico Duarte 3098 m 10,164 ft Dominican Republic
21%
84 Paektu-san 2744 m 9,003 ft North Korea
21%
81 Mount Roraima 2772 m 9,094 ft Guyana
19%
106 Montanha do Pico 2351 m 7,713 ft Portugal
19%
104 Maglić 2386 m 7,828 ft Bosnia and Herzegovina
18%
51 Cheekha Dar 3611 m 11,847 ft Iraq
18%
173 Bălănești Hill 430 m 1,411 ft Moldova
18%
188 Qurayn Abu al Bawl 103 m 338 ft Qatar
18%
79 Phou Bia 2817 m 9,242 ft Laos
17%
52 Thabana Ntlenyana 3482 m 11,424 ft Lesotho
17%
191 Command Ridge 71 m 233 ft Nauru
17%
112 Midžor 2169 m 7,116 ft Serbia
17%
54 Mafadi 3450 m 11,319 ft South Africa
17%
80 Jabal el-Sheikh 2814 m 9,232 ft Syria
17%
58 Aýrybaba 3139 m 10,299 ft Turkmenistan
17%
78 Pico do Fogo 2829 m 9,281 ft Cape Verde
16%
76 Cerro Las Minas 2870 m 9,416 ft Honduras
16%
181 Aukštojas Hill 294 m 964 ft Lithuania
16%
82 Korab 2764 m 9,068 ft North Macedonia
16%
63 Jabal Shams 3009 m 9,872 ft Oman
16%
99 Rysy 2499 m 8,199 ft Poland
16%
67 Jabal Sawda 3000 m 9,843 ft Saudi Arabia
16%
82 Korab 2764 m 9,068 ft Albania
15%
60 Qurnat as Sawda' 3088 m 10,131 ft Lebanon
15%
194 Unnamed location on Likiep 10 m 33 ft Marshall Islands
15%
186 Mont Agel (Chemin des Révoires) 161 m 528 ft Monaco
15%
183 Mount Ngerchelchuus 242 m 794 ft Palau
15%
71 Mount Apo 2954 m 9,692 ft Philippines
15%
166 Monte Titano 755 m 2,477 ft San Marino
15%
175 Dzyarzhynskaya Hara 346 m 1,135 ft Belarus
14%
55 Emi Koussi 3445 m 11,302 ft Chad
14%
85 Cerro El Pital 2730 m 8,957 ft El Salvador
14%
88 Velika Rudoka 2660 m 8,728 ft Kosovo
14%
178 Gaiziņkalns 312 m 1,024 ft Latvia
14%
115 Kebnekaise 2097 m 6,880 ft Sweden
14%
95 Doi Inthanon 2565 m 8,415 ft Thailand
14%
73 Musala 2925 m 9,596 ft Bulgaria
13%
189 Unnamed location on Banaba 81 m 266 ft Kiribati
13%
97 Zla Kolata 2534 m 8,314 ft Montenegro
13%
65 Mount Tahat 3003 m 9,852 ft Algeria
12%
72 Coma Pedrosa 2942 m 9,652 ft Andorra
12%
90 Mount Catherine 2629 m 8,625 ft Egypt
12%
177 Suur Munamägi 318 m 1,043 ft Estonia
12%
154 Kékes 1014 m 3,327 ft Hungary
12%
151 Carrauntoohil 1038 m 3,406 ft Ireland
12%
110 Blue Mountain Peak 2256 m 7,402 ft Jamaica
12%
75 Maromokotro 2876 m 9,436 ft Madagascar
12%
94 Brandberg Mountain 2573 m 8,442 ft Namibia
12%
185 Bukit Timah Hill 164 m 537 ft Singapore
12%
122 Halla-san 1950 m 6,398 ft South Korea
12%
56 Kinyeti 3187 m 10,456 ft South Sudan
12%
61 Deriba Caldera 3042 m 9,980 ft Sudan
12%
168 Signal de Botrange 694 m 2,277 ft Belgium
11%
129 Bukit Pagon 1850 m 6,070 ft Brunei
11%
64 Pico Basile 3008 m 9,869 ft Equatorial Guinea
11%
62 Emba Soira 3018 m 9,902 ft Eritrea
11%
141 Halti 1324 m 4,344 ft Finland
11%
87 Pic la Selle 2680 m 8,793 ft Haiti
11%
143 La Soufrière 1234 m 4,049 ft Saint Vincent and the Grenadines
11%
98 Pidurutalagala 2524 m 8,281 ft Sri Lanka
11%
130 Dinara 1831 m 6,007 ft Croatia
10%
171 Kneiff 560 m 1,837 ft Luxembourg
10%
66 Mount Mulanje 3002 m 9,849 ft Malawi
10%
116 Hoverla 2061 m 6,762 ft Ukraine
10%
124 Jabal Al Jais 1910 m 6,266 ft United Arab Emirates
10%
187 Mountain of Smoke 122 m 400 ft Bahrain
9%
86 Mount Heha 2684 m 8,806 ft Burundi
9%
69 Mount Ramelau 2963 m 9,721 ft East Timor
9%
164 Piton de la Petite Rivière Noire 828 m 2,717 ft Mauritius
9%
91 Mount Moco 2620 m 8,596 ft Angola
8%
193 Mount Alvernia 63 m 207 ft Bahamas
8%
120 Pico Turquino 1974 m 6,476 ft Cuba
8%
128 Jabal Umm ad Dami 1854 m 6,083 ft Jordan
8%
160 Mount Scenery 887 m 2,910 ft Netherlands
8%
114 Mogotón 2107 m 6,913 ft Nicaragua
8%
103 Chappal Waddi 2419 m 7,936 ft Nigeria
8%
107 Mount Popomanaseu 2335 m 7,661 ft Solomon Islands
8%
101 Shimbiris 2450 m 8,038 ft Somalia
8%
144 Juliana Top 1230 m 4,035 ft Suriname
8%
93 Mount Nyangani 2592 m 8,504 ft Zimbabwe
8%
148 Doyle's Delight 1124 m 3,688 ft Belize
7%
165 Mount Nanlaud 782 m 2,566 ft Federated States of Micronesia
7%
132 Mont Nimba 1752 m 5,748 ft Guinea
7%
145 Mount Meron 1208 m 3,963 ft Israel
7%
132 Mont Nimba 1752 m 5,748 ft Ivory Coast
7%
109 Bikku Bitti 2267 m 7,438 ft Libya
7%
182 Ta'Dmejrek 253 m 830 ft Malta
7%
102 Monte Binga 2436 m 7,992 ft Mozambique
7%
119 Mont Idoukal-n-Taghès 2022 m 6,634 ft Niger
7%
162 Cerro Peró 842 m 2,762 ft Paraguay
7%
135 Jebel ech Chambi 1544 m 5,066 ft Tunisia
7%
172 Cerro Catedral 514 m 1,685 ft Uruguay
7%
108 Mafinga Central 2329 m 7,641 ft Zambia
7%
174 Boggy Peak 402 m 1,319 ft Antigua and Barbuda
6%
176 Mount Hillaby 336 m 1,102 ft Barbados
6%
105 Mount Karthala 2360 m 7,743 ft Comoros
6%
117 Mousa Ali 2028 m 6,654 ft Djibouti
6%
192 Unnamed location 64 m 210 ft Gambia
6%
152 Unnamed location on Kao 1033 m 3,389 ft Tonga
6%
150 Saka Haphong 1052 m 3,451 ft Bangladesh
5%
136 Otse Hill 1491 m 4,892 ft Botswana
5%
139 Mont Ngaoui 1420 m 4,659 ft Central African Republic
5%
137 Morne Diablotins 1447 m 4,747 ft Dominica
5%
126 Emlembe 1862 m 6,109 ft Eswatini
5%
141 Tomanivi 1324 m 4,344 ft Fiji
5%
163 Mount Saint Catherine 840 m 2,756 ft Grenada
5%
179 Mutla Ridge 306 m 1,004 ft Kuwait
5%
138 Mount Wuteve 1447 m 4,747 ft Liberia
5%
156 Mount Gimie 950 m 3,117 ft Saint Lucia
5%
127 Mauga Silisili 1857 m 6,093 ft Samoa
5%
170 Unnamed feature 2.7 km southeast of Nepen Diakha 648 m 2,126 ft Senegal
5%
155 Mont Agou 986 m 3,235 ft Togo
5%
157 El Cerro del Aripo 940 m 3,084 ft Trinidad and Tobago
5%
125 Mount Tabwemasana 1877 m 6,158 ft Vanuatu
5%
169 Mont Sokbaro 658 m 2,159 ft Benin
4%
167 Mount Tenakourou 749 m 2,457 ft Burkina Faso
4%
149 Mont Bengoué 1070 m 3,510 ft Gabon
4%
161 Mount Afadjato 880 m 2,887 ft Ghana
4%
180 Unnamed location in the northeast corner of the country 300 m 984 ft Guinea-Bissau
4%
147 Hombori Tondo 1155 m 3,789 ft Mali
4%
158 Kediet ej Jill 915 m 3,002 ft Mauritania
4%
153 Mont Nabemba 1020 m 3,346 ft Republic of the Congo
4%
146 Mount Liamuiga 1156 m 3,793 ft Saint Kitts and Nevis
4%
123 Mount Bintumani 1948 m 6,391 ft Sierra Leone
4%
No matching quizzes found
Score Distribution
Percent of People with Each Score
Percentile by Number Answered
Your Score History
You have not taken this quiz